| 000 | 00745nam a2200289Ia 4500 | ||
|---|---|---|---|
| 001 | 6219 | ||
| 005 | 20240113233908.0 | ||
| 007 | ta | ||
| 008 | 050625s1988 a g b000 u eng u | ||
| 020 | _a0-19-289214-2 | ||
| 040 | _aCotton College,Assam | ||
| 041 | _aeng | ||
| 082 |
_a530 _bNa 164 Pr |
||
| 100 | _aNarlikar, Jayant V. . | ||
| 245 | 0 |
_aThe Primeval Universe / _cJayant V. Narlikar. _hTextual Documents |
|
| 250 | _a1st ed. / | ||
| 260 |
_aOxford : _bOxford Universsity Press , _c1988. |
||
| 300 |
_ax, 241p. : _bill. ; _c18cm . |
||
| 504 | _aIndex | ||
| 653 | _aPhysics | ||
| 653 | _aAstronomy | ||
| 653 | _aAstrophysics | ||
| 653 | _aPG-Physics | ||
| 942 |
_2ddc _cBK |
||
| 999 |
_c6206 _d6206 |
||